Vyhľadávanie a nábor zamestnancov v nedostatkových profesiach bakalárska práca

Salvato in:
Dettagli Bibliografici
Autore principale: Tadlánková, Denisa
Ente Autore: Fakulta podnikového manažmentu EU. Katedra manažmentu
Altri autori: Nachtmannová, Oľga, 1963-
Natura: Libro
Lingua:slovacco
Pubblicazione: Bratislava 2022
Tags: Aggiungi Tag
Nessun Tag, puoi essere il primo ad aggiungerne!!

MARC

LEADER 00000nbm a2200000 4500
001 0285681
005 20230221143150.7
041 0 |a slo 
044 |a SK 
245 1 0 |a Vyhľadávanie a nábor zamestnancov v nedostatkových profesiach  |b bakalárska práca  |c Denisa Tadlánková ; školiteľ: Oľga Nachtmannová 
264 1 |a Bratislava  |c 2022 
300 |a 52 s. 
100 1 |a Tadlánková, Denisa 
700 1 |a Nachtmannová, Oľga, 1963- 
710 2 |a Fakulta podnikového manažmentu EU. Katedra manažmentu